Statistics for Members of Block B

Click here to take the quiz!

General Stats

  • This quiz has been taken 9 times
  • The average score is 4 of 7

Answer Stats

Answer% Correct
Jaehyo
71%
B-Bomb
57%
Park Kyung
57%
P.O.
57%
Taeil
57%
Zico
57%
U-Kwon
43%

Score Distribution

Percentile by Number Answered

Percent of People with Each Score

Your Score History

You have not taken this quiz